|
|
|
|
| LEADER |
00000nam a22000007a 4500 |
| 005 |
20210617215023.0 |
| 007 |
cr|||| |||| |
| 008 |
210617s2011 co |||||s|||| 00||0 spa d |
| 020 |
|
|
|a 978-958-8675-30-5
|
| 035 |
|
|
|a 33461
|
| 040 |
|
|
|a vLex
|
| 090 |
|
|
|c 11804
|d 11804
|
| 100 |
1 |
|
|a Fornasari, Jorge A.
|
| 245 |
1 |
0 |
|a Curso de Matemt̀ica financiera
|h [Recurso electrn̤ico] :
|b Teora̕ y prc̀tica /
|c Jorge A. Fornasari, Gustavo F. Berbery
|
| 256 |
|
|
|a Servicio en ln̕ea
|
| 260 |
|
|
|a Bogot:̀
|b Ediciones de la U,
|c 2011
|
| 300 |
|
|
|a 1 recurso electrn̤ico
|
| 500 |
|
|
|a Con una amplia gama de problemas y casos reales sobre matemt̀ica financiera, este libro llena un gran espacio vaco̕, que se contrapone, en buena medida, con la bibliografa̕ de esta disciplina cuyos aspectos ter̤icos son ms̀ relevantes. Por esta razn̤, se confeccion ̤una breve introduccin̤ sobre el significado del dinero y un glosario de fr̤mulas que se aplican a lo largo de este trabajo. La matemt̀ica financiera pretende ser una herramienta t︢il para las operaciones comerciales con capitalizacin̤ simple y compuesta en todos sus aspectos: valuacin̤ de fondos en momentos determinados, tasas de interš y descuento, con sus equivalencias, el correcto empleo de la periodicidad y la siempre prc̀tica visin̤ de los sistemas de amortizacin̤ de prštamos que permite controlar al tomador de decisiones las distintas alternativas de financiacin̤.
|
| 506 |
1 |
|
|a Disponible solo en los productos indicados
|d vLex Global
|d vLex Global (Academic Edition, excluding Law Schools)
|d vLex Global (U.S. Academic Edition, Law Schools)
|d vLex Global (U.S. Academic Edition, excluding Law Schools)
|d vLex Global (Academic Edition, Law Schools)
|
| 650 |
0 |
4 |
|a Financiero
|z Colombia
|
| 700 |
1 |
|
|a Berbery, Gustavo F.
|
| 740 |
0 |
|
|a vLex Libros (Servicio en ln̕ea)
|
| 856 |
4 |
0 |
|u https://vlex.com/source/curso-de-matematica-financiera-teoria-y-practica-33461
|z Acceso restringido
|
| 942 |
|
|
|c BOOK
|
| 999 |
0 |
|
|a Financial
|